Tratado de las medidas cautelares: doctrina, jurisprudencia, antecedentes históricos y derecho comparado

Uloženo v:
Podrobná bibliografie
Hlavní autor: Marín González, Juan Carlos (autor)
Médium: Kniha
Jazyk:španělština
Vydáno: Santiago Jurídica de Chile 2016
Vydání:2a. ed
Témata:
Tagy: Přidat tag
Žádné tagy, Buďte první, kdo vytvoří štítek k tomuto záznamu!

MARC

LEADER 00000cam a2200000 a 4500
001 UCD2373
003 CL-VaPUC
008 160421e20160100cl |||||||||||||||||spa|d
020 |a 9789561023741 
082 0 4 |a 347.8305  |b MAR  |2 21 
100 |a Marín González, Juan Carlos  |e autor  |9 748893 
245 1 0 |a Tratado de las medidas cautelares: doctrina, jurisprudencia, antecedentes históricos y derecho comparado 
250 |a 2a. ed 
300 |a 680 p 
942 |c BK 
945 |d 20160421 23:07:00  |a arojas 
260 |a Santiago  |b Jurídica de Chile  |c 2016 
650 0 |a Derecho procesal civil  |9 258071 
650 0 |a Jurisprudencia  |9 255952 
650 0 |a Código de procedimiento civil  |9 256305 
650 0 |a Medidas cautelares  |9 256590 
650 0 |a Derecho comparado  |9 255664 
583 |a last modification  |c 20160421 23:07:00  |k Rodrigo Vera 
999 |c 363535  |d 363533 
952 |0 0  |1 0  |3 erb  |4 0  |6 347_830500000000000_MAR_2016  |7 0  |8 A  |9 475995  |a BIBDER  |b BIBDER  |i 5283272  |l 6  |o 347.8305 MAR 2016  |p 5283272  |r 2024-03-13  |s 2024-03-13  |w 2019-11-24  |y BK  |z Catalogado en:20160421  |k DER 
952 |0 0  |1 0  |3 erb  |4 0  |6 347_830500000000000_MAR_2016  |7 0  |8 A  |9 475996  |a BIBDER  |b BIBDER  |i 5283280  |l 14  |m 5  |o 347.8305 MAR 2016  |p 5283280  |r 2024-05-23  |s 2024-05-06  |w 2019-11-24  |y BK  |z Catalogado en:20160421  |k DER